Trouver l'auteur du manga #1 - QCM - Statistiques

Statistiques générales
  • Ce quiz a été pris 9 fois
  • Le résultat moyen est 3 sur 8
Statistiques - réponses
Question Réponse % Correct
Quartier Lointain Jirou Taniguchi
78%
W's Kouji Seo
56%
No Control Lynn Okamoto
44%
How I Married an Amagami Sister Marcey Naitou
44%
Amour Placebo Akane Torikai
33%
Hellsing Kouta Hirano
33%
Craque pour moi Medaka Ran Kuze
33%
L'enfant en moi Mamoru Aoi
22%
Aucun quiz correspondant
Distribution des résultats
% des personnes avec chaque résultat
Percentile par nombre de réponses
Votre historique - résultats
Vous n’avez pas pris ce quiz